Gender and higher education management: Western and Eastern European perspectives
Porovnanie prístupov k chápaniu spoločenskej úlohy žien v krajinách západnej a východnej Európy so zameraním na sféru manažmentu vysokoškolského vzdelávania na Ukrajine a vo Veľkej Británii. Faktory, ktoré determinujú postavenie žien v tranzitívnych ekonomikách. Súčasná situácia na Ukrajine a v Spoj...
Salvato in:
| Autore principale: | |
|---|---|
| Altri autori: | , |
| Natura: | Capitolo di libro |
| Lingua: | inglese |
| Soggetti: | |
| Tags: |
Nessun Tag, puoi essere il primo ad aggiungerne!!
|
MARC
| LEADER | 00000naa$a2200000$$$4500 | ||
|---|---|---|---|
| 001 | 0005881 | ||
| 005 | 20230918083108.8 | ||
| 041 | 0 | |a eng | |
| 044 | |a SK | ||
| 245 | 1 | 0 | |a Gender and higher education management: Western and Eastern European perspectives |c Elizabeth Parsons, Svitlana A. Shmelova, Illya Saveľyev |
| 520 | |a Porovnanie prístupov k chápaniu spoločenskej úlohy žien v krajinách západnej a východnej Európy so zameraním na sféru manažmentu vysokoškolského vzdelávania na Ukrajine a vo Veľkej Británii. Faktory, ktoré determinujú postavenie žien v tranzitívnych ekonomikách. Súčasná situácia na Ukrajine a v Spojenom kráľovstve. Bariéry rovnosti na Ukrajine a v Spojenom kráľovstve. | ||
| 610 | 2 | 0 | |a vzdelávanie vysokoškolské |
| 610 | 2 | 0 | |a diskriminácia pracovná |
| 610 | 2 | 0 | |a vzťahy genderové |
| 610 | 2 | 0 | |a ženy |
| 610 | 2 | 0 | |a SVE |
| 610 | 2 | 0 | |a Ukrajina |
| 610 | 2 | 0 | |a Veľká Británia |
| 610 | 2 | 0 | |a manažment |
| 100 | 1 | |a Parsons, Elizabeth | |
| 700 | 1 | |a Shmelova, Svitlana A. | |
| 700 | 1 | |a Saveľyev, Illya | |